书目信息 |
| 题名: |
振动力学与工程应用
|
|
| 作者: | 王伟 , 赖永星 , 苗同臣 编著 | |
| 分册: | ||
| 出版信息: | 郑州 郑州大学出版社 2008.08 |
|
| 页数: | 292页 | |
| 开本: | 20cm | |
| 丛书名: | ||
| 单 册: | ||
| 中图分类: | TB123 | |
| 科图分类: | ||
| 主题词: | 工程力学--gong cheng li xue--振动理论--高等学校--教材 | |
| 电子资源: | ||
| ISBN: | 978-7-81106-912-9 | |
| 000 | 01261nam0 2200289 450 | |
| 001 | 012009938941 | |
| 005 | 20090622184329.65 | |
| 010 | @a978-7-81106-912-9@dCNY28.00 | |
| 100 | @a20090622d2008 em y0chi0120 ea | |
| 101 | 0 | @achi |
| 102 | @aCN@b130000 | |
| 105 | @aa a 000yy | |
| 106 | @ar | |
| 200 | 1 | @a振动力学与工程应用@Azhen dong li xue yu gong cheng ying yong@f王伟 ... [等] 编著@Fwang wei...[deng]bian zhu |
| 210 | @a郑州@c郑州大学出版社@d2008.08 | |
| 215 | @a292页@c图@d20cm | |
| 300 | @a普通高等教育力学"十一五"规划教材 | |
| 304 | @a题名页题 : 王伟, 赖永星, 苗同臣, 李静斌编著 | |
| 320 | @a有书目 (第292页) | |
| 330 | @a本书根据高等院校工程力学专业“振动力学”课程的教学要求,结合多年来的教学和科研实践,参考多种现有的与振动有关的教材及专著编写而成。全书共分9章,包括:导论、单自由度系统自由振动、单自由度系统强迫振动、单自由度系统振动理论的应用、两个自由度系统的振动、多自由度系统的振动、弹性体振动、振动分析中的数值方法和工程中振动问题的应用实例。 | |
| 606 | 0 | @a工程力学@Agong cheng li xue@x振动理论@x高等学校@j教材 |
| 690 | @aTB123@v4 | |
| 701 | 0 | @a王伟@Awang wei@4编著 |
| 701 | 0 | @a赖永星@Alai yong xing@4编著 |
| 701 | 0 | @a苗同臣@Amiao tong chen@4编著 |
| 801 | 0 | @aCN@bQSSK@c20090622 |
| 905 | @b747946-50@dTB123@eW373@f5 | |
| 振动力学与工程应用/王伟 ... [等] 编著.-郑州:郑州大学出版社,2008.08 |
| 292页:图;20cm |
| 普通高等教育力学"十一五"规划教材 |
| ISBN 978-7-81106-912-9:CNY28.00 |
| 本书根据高等院校工程力学专业“振动力学”课程的教学要求,结合多年来的教学和科研实践,参考多种现有的与振动有关的教材及专著编写而成。全书共分9章,包括:导论、单自由度系统自由振动、单自由度系统强迫振动、单自由度系统振动理论的应用、两个自由度系统的振动、多自由度系统的振动、弹性体振动、振动分析中的数值方法和工程中振动问题的应用实例。 |
| ● |
| 相关链接 |
|
|
|
正题名:振动力学与工程应用
索取号:TB123/W373
 
预约/预借
| 序号 | 登录号 | 条形码 | 馆藏地/架位号 | 状态 | 备注 |
| 1 | 747946 | 207479469 | 期刊室512/501自科库 4排1列2层/ [索取号:TB123/W373] | 在馆 | |
| 2 | 747947 | 207479478 | 期刊室512/501自科库 4排1列2层/ [索取号:TB123/W373] | 在馆 | |
| 3 | 747948 | 207479487 | 自科库501/501自科库 4排1列2层/ [索取号:TB123/W373] | 在馆 | |
| 4 | 747949 | 207479496 | 自科库501/501自科库 4排1列2层/ [索取号:TB123/W373] | 在馆 | |
| 5 | 747950 | 207479502 | 期刊室512/501自科库 4排1列2层/ [索取号:TB123/W373] | 在馆 |